000 00643nam a2200241Ia 4500
003 OSt
005 20220912151544.0
006 a|||||r|||| 00| 0
007 ta
008 220909b |||||||| |||| 00| 0 eng d
024 _a26406
037 _cTextual
040 _aCSL
_beng
_cCSL
041 _aeng
082 _aB28930bX:51, M9
100 _aHoward John A
245 0 _aConsumer behavior in marketing strategy
260 _aEnglewood
_bCliffs Prentice Hall
_c1989
300 _a375p.
_ccm.
650 _amarketing strategy
942 _hB28930bX:51, M9
_cTEXL
_2CC
999 _c71219
_d71219